Statystyki dla Skojarzenia państw poprzez 3 słowa - wersja 2.

Kliknij tutaj aby rozwiązać quiz!

Ogólne statystyki

  • Ten quiz został rozwiązany 58 razy
  • Średni wynik to 8 z 10

Odpowiedzi na mapie

Odpowiedzi skodowane kolorowo w zielono-czerwonej skali na mapie do tego quizu, zgodnie z poniższymi procentami.
 

Statystyki odpowiedzi

SkojarzeniaOdpowiedź% Poprawnych
Pałac kultury, Ranczo, pomoc UkrainiePolska
100%
Pizza, koloseum, butWłochy
96%
Neymar jr, amazonka, portugalskiBrazylia
90%
K-pop, komunizm, bronie atomoweKorea Północna
88%
Rowery, wysokość poniżej morza, HabsburgowieHolandia
82%
Hagia Sophia, islam, Cypr północnyTurcja
82%
Imperium, stepy, Ułan BatorMongolia
76%
Bogactwo, najwięcej więźniów na 100000 osób, Czarna wdowaStany Zjednoczone
68%
Przeludnienie, Afryka, Zatoka gwinejskaNigeria
66%
Największe PKB, najmniejszy #2, język francuskiMonako
56%

Rozkład punktacji

Percentyl według liczby udzielonych odpowiedzi

Procent ludzi z każdym wynikiem

Twoja historia wyników

Nie rozwiązałeś tego quizu